[Event "RUS-chT Men Rapid 2019"]
[Site "Sochi"]
[Date "2019.10.18"]
[Round "4.12"]
[White "Utnasunov, Alexander"]
[Black "Samusenko, Maksim"]
[Result "1-0"]
[WhiteElo "2442"]
[BlackElo "2445"]
[Annotator "NA"]
[PlyCount "73"]
[EventDate "2019.10.18"]
[EventType "swiss"]
[EventCountry "RUS"]
[SourceTitle "playchess.com"]
[Source "ChessBase"]
[SourceQuality "1"]
[TimeControl "900+10"]

1. d4 {[%emt 0:00:00]} Nf6 {[%emt 0:00:00]} 2. c4 {[%emt 0:00:00]} g6 {[%emt 0:00:00]} 3. f3 {[%emt 0:00:01]} Bg7 {[%emt 0:00:00]} 4. e4 {[%emt 0:00:01]} d6 {[%emt 0:00:00]} 5. Nc3 {[%emt 0:00:02]} O-O {[%emt 0:00:00]} 6. Be3 {[%emt 0:00:02]} Nc6 {[%emt 0:00:06]} 7. Nge2 {[%emt 0:00:03]} a6 {[%emt 0:00:04]} 8. Qd2 {[%emt 0:00:02]} Na5 {[%emt 0:00:15]} 9. Nc1 {[%emt 0:01:08]} Nd7 {[%emt 0:00:04]} 10. b4 {[%emt 0:03:12]} Nc6 {[%emt 0:00:01]} 11. a3 {[%emt 0:00:02]} e5 {[%emt 0:00:14]} 12. Nb3 {[%emt 0:00:05]} a5 {[%emt 0:07:15]} 13. b5 {[%emt 0:02:21]} exd4 {[%emt 0:00:20]} 14. Nxd4 {[%emt 0:00:14]} Nxd4 {[%emt 0:01:51]} 15. Bxd4 {[%emt 0:00:02]} Bxd4 {[%emt 0:00:12]} 16. Qxd4 {[%emt 0:00:02]} Nc5 {[%emt 0:00:38]} 17. Nd5 {[%emt 0:02:26]} f5 {[%emt 0:00:21]} 18. Rd1 {[%emt 0:04:05]} fxe4 {[%emt 0:00:02]} 19. Be2 {[%emt 0:00:02]} c6 {[%emt 0:02:28]} 20. bxc6 {[%emt 0:00:03]} bxc6 {[%emt 0:00:01]} 21. Ne3 {[%emt 0:00:59]} Ne6 {[%emt 0:01:26]} 22. Qxe4 {[%emt 0:01:42]} Qg5 {[%emt 0:00:45]} 23. Rxd6 {[%emt 0:00:40]} Nf4 {[%emt 0:00:43]} 24. Kf2 {[%emt 0:00:05]} Bh3 {[%emt 0:00:37]} 25. c5 {[%emt 0:00:23]} Rae8 {[%emt 0:00:41]} 26. Bc4+ {[%emt 0:00:04]} Kg7 {[%emt 0:00:07]} 27. Qd4+ {[%emt 0:00:02]} Kh6 {[%emt 0:00:25]} 28. g3 {[%emt 0:00:09]} Nh5 {[%emt 0:00:24]} 29. Re1 {[%emt 0:00:17]} Rb8 {[%emt 0:00:16]} 30. Rxc6 {[%emt 0:00:22]} Rbd8 {[%emt 0:00:15]} 31. Rd6 {[%emt 0:00:02]} Rc8 {[%emt 0:00:01]} 32. c6 {[%emt 0:00:05]} Rc7 {[%emt 0:00:21]} 33. Be6 {[%emt 0:00:06]} Bxe6 {[%emt 0:00:20]} 34. Rxe6 {[%emt 0:00:01]} Nf6 {[%emt 0:00:06]} 35. Rxf6 {[%emt 0:00:08]} Rxf6 {[%emt 0:00:02]} 36. Ng4+ {[%emt 0:00:06]} Kg7 {[%emt 0:00:01]} 37. Re6 {[%emt 0:00:03]} 1-0

[Event "RUS-chT Men Rapid 2019"]
[Site "Sochi"]
[Date "2019.10.18"]
[Round "4.13"]
[White "Ponkratov, Pavel"]
[Black "Smirnov, Timofey"]
[Result "1-0"]
[WhiteElo "2621"]
[BlackElo "2354"]
[Annotator "TA"]
[PlyCount "68"]
[EventDate "2019.10.18"]
[EventType "swiss"]
[EventCountry "RUS"]
[SourceTitle "playchess.com"]
[Source "ChessBase"]
[SourceQuality "1"]

{[%evp 19,68,0,3,14,54,60,43,39,33,-5,28,35,65,58,58,40,43,16,22,0,17,0,4,0,0,0,0,0,0,0,0,0,83,53,66,18,16,14,160,190,626,575,562,512,508,508,702,687,831,800,1286]} 1. d4 d5 2. c4 c6 3. Nf3 Nf6 4. Qc2 dxc4 5. Qxc4 Bf5 6. g3 e6 7. Bg2 Nbd7 8. O-O Be7 9. Nc3 O-O 10. e3 Ne4 11. Ne1 {D23: Queen's Gambit Accepted: 3 Nf3 Nf6 sidelines} Nd6 12. Qe2 e5 13. dxe5 {White is slightly better.} Nxe5 14. e4 Be6 {Threatening ...Bc4.} (14... Bg4 $5 {[%cal Rg4e2]} 15. f3 Be6 $11) 15. b3 Nd7 16. f4 {f5 is the strong threat.} f6 17. Nc2 {[#]} Qa5 $146 ({Predecessor:} 17... Re8 18. Bb2 Bf8 {½-½ (35) Khlian,E (2454)-Fominyh,A (2551) Samara 2000}) 18. Bb2 Rfe8 19. Kh1 Rad8 20. Rad1 Bf7 21. Ne3 Bf8 22. Rd4 Qc7 23. Qc2 Nc5 24. b4 Ne6 25. Rd3 Nc8 {[#]} (25... a5 $11 {remains equal.}) 26. f5 $1 $16 {[%cal Rf5e6]} Ng5 $1 27. Rxd8 (27. Ncd5 $5 Bxd5 28. exd5 $16) 27... Rxd8 28. a3 Be8 (28... a5 $11 {keeps the balance.}) 29. Ncd5 $1 $36 {[%cal Rd5c7][%mdl 2112] Pin. Black is under strong pressure.} Qb8 $2 {[#]} (29... Qf7) 30. Nxf6+ $1 $18 {[%mdl 512] White is clearly winning.} gxf6 31. Ng4 Bg7 {and if ...Qd6 works, Black does fine.} 32. Nxf6+ Bxf6 33. Bxf6 Nf7 34. Qe2 {White threatens Qg4+ and mate.} h6 {Accuracy: White = 62%, Black = 40%.} 1-0

[Event "RUS-chT Men Rapid 2019"]
[Site "Sochi"]
[Date "2019.10.18"]
[Round "4.14"]
[White "Gurvich, Vitaly"]
[Black "Lysyj, Igor"]
[Result "1/2-1/2"]
[WhiteElo "2278"]
[BlackElo "2596"]
[Annotator "ChessBase"]
[PlyCount "100"]
[EventDate "2019.10.18"]
[EventType "swiss"]
[EventCountry "RUS"]
[SourceTitle "playchess.com"]
[Source "ChessBase"]
[SourceQuality "1"]
[TimeControl "900+10"]

1. d4 {[%emt 0:00:00]} d5 {[%emt 0:00:00]} 2. c4 {[%emt 0:00:00]} e6 {[%emt 0:00:00]} 3. Nf3 {[%emt 0:00:00]} Nf6 {[%emt 0:00:00]} 4. Bg5 {[%emt 0:00:00]} dxc4 {[%emt 0:00:00]} 5. Qa4+ {[%emt 0:00:00]} Nbd7 {[%emt 0:00:02]} 6. e3 {[%emt 0:00:00]} c5 {[%emt 0:00:53]} 7. Bxc4 {[%emt 0:00:10]} cxd4 {[%emt 0:00:26]} 8. Nxd4 {[%emt 0:00:06]} Be7 {[%emt 0:00:55]} 9. Nd2 {[%emt 0:02:44]} O-O {[%emt 0:00:15]} 10. Qc2 {[%emt 0:00:11]} Qa5 {[%emt 0:00:30]} 11. Bh4 {[%emt 0:00:14]} Ne5 {[%emt 0:00:35]} 12. N4b3 {[%emt 0:01:01]} Qa4 {[%emt 0:00:33]} 13. Bg3 {[%emt 0:00:13]} Nxc4 {[%emt 0:00:08]} 14. Qxc4 {[%emt 0:00:01]} Qxc4 {[%emt 0:02:33]} 15. Nxc4 {[%emt 0:00:02]} Bb4+ {[%emt 0:00:14]} 16. Nbd2 {[%emt 0:01:36]} Ne4 {[%emt 0:00:12]} 17. a3 {[%emt 0:00:07]} Nxg3 {[%emt 0:00:10]} 18. hxg3 {[%emt 0:00:02]} Be7 {[%emt 0:00:02]} 19. Ke2 {[%emt 0:00:01]} b6 {[%emt 0:00:08]} 20. Rhc1 {[%emt 0:01:14]} Ba6 {[%emt 0:00:07]} 21. Ke1 {[%emt 0:00:03]} Rac8 {[%emt 0:00:39]} 22. Ne5 {[%emt 0:00:09]} Bb7 {[%emt 0:00:14]} 23. Ndf3 {[%emt 0:02:29]} f6 {[%emt 0:00:16]} 24. Nc4 {[%emt 0:00:34]} e5 {[%emt 0:00:30]} 25. Ncd2 {[%emt 0:00:03]} Kf7 {[%emt 0:00:16]} 26. e4 {[%emt 0:00:09]} Ke6 {[%emt 0:00:11]} 27. Kd1 {[%emt 0:01:32]} Ba6 {[%emt 0:00:18]} 28. Ke1 {[%emt 0:00:51]} Rfd8 {[%emt 0:00:02]} 29. g4 {[%emt 0:00:32]} Bd3 {[%emt 0:00:44]} 30. Ng1 {[%emt 0:00:15]} g6 {[%emt 0:01:55]} 31. Ne2 {[%emt 0:00:09]} Bf8 {[%emt 0:00:08]} 32. Rxc8 {[%emt 0:00:15]} Rxc8 {[%emt 0:00:01]} 33. Rc1 {[%emt 0:00:01]} Rxc1+ {[%emt 0:00:04]} 34. Nxc1 {[%emt 0:00:01]} Ba6 {[%emt 0:00:02]} 35. Ne2 {[%emt 0:00:05]} Bb7 {[%emt 0:00:31]} 36. f3 {[%emt 0:00:06]} Bc6 {[%emt 0:00:38]} 37. Nc3 {[%emt 0:00:15]} b5 {[%emt 0:00:36]} 38. Na2 {[%emt 0:00:01]} Bc5 {[%emt 0:00:28]} 39. Nb4 {[%emt 0:00:04]} Bb7 {[%emt 0:00:06]} 40. Nd3 {[%emt 0:00:02]} Bb6 {[%emt 0:00:15]} 41. b4 {[%emt 0:00:58]} Kd6 {[%emt 0:00:13]} 42. Nb3 {[%emt 0:00:06]} Bc8 {[%emt 0:00:03]} 43. Nbc5 {[%emt 0:00:45]} a5 {[%emt 0:00:08]} 44. Kd2 {[%emt 0:00:04]} a4 {[%emt 0:00:03]} 45. Ke2 {[%emt 0:00:08]} f5 {[%emt 0:00:50]} 46. gxf5 {[%emt 0:00:07]} gxf5 {[%emt 0:00:01]} 47. Kd2 {[%emt 0:00:14]} h5 {[%emt 0:00:09]} 48. Ke2 {[%emt 0:01:52]} h4 {[%emt 0:00:08]} 49. Kd2 {[%emt 0:00:07]} f4 {[%emt 0:01:24]} 50. Ke2 {[%emt 0:00:07]} Ba7 {[%emt 0:00:37]} 1/2-1/2

[Event "RUS-chT Men Rapid 2019"]
[Site "Sochi"]
[Date "2019.10.18"]
[Round "4.16"]
[White "Chizhikov, Vladislav"]
[Black "Radzhabov, Rodion"]
[Result "1-0"]
[WhiteElo "2267"]
[BlackElo "2404"]
[Annotator "NA"]
[PlyCount "69"]
[EventDate "2019.10.18"]
[EventType "swiss"]
[EventCountry "RUS"]
[SourceTitle "playchess.com"]
[Source "ChessBase"]
[SourceQuality "1"]
[TimeControl "900+10"]

1. e4 {[%emt 0:00:00]} c5 {[%emt 0:00:00]} 2. Nf3 {[%emt 0:00:02]} Nc6 {[%emt 0:00:00]} 3. Bb5 {[%emt 0:00:15]} e6 {[%emt 0:00:00]} 4. O-O {[%emt 0:00:07]} Nge7 {[%emt 0:00:04]} 5. Re1 {[%emt 0:00:03]} a6 {[%emt 0:00:03]} 6. Bf1 {[%emt 0:00:02]} g6 {[%emt 0:01:34]} 7. c3 {[%emt 0:00:05]} d5 {[%emt 0:03:07]} 8. e5 {[%emt 0:00:24]} Bg7 {[%emt 0:00:22]} 9. d4 {[%emt 0:00:06]} cxd4 {[%emt 0:00:15]} 10. cxd4 {[%emt 0:00:03]} Nf5 {[%emt 0:02:06]} 11. Nc3 {[%emt 0:00:57]} O-O {[%emt 0:01:10]} 12. a3 {[%emt 0:00:23]} Nh4 {[%emt 0:01:36]} 13. Nxh4 {[%emt 0:02:35]} Qxh4 {[%emt 0:00:02]} 14. Be3 {[%emt 0:00:16]} b5 {[%emt 0:01:38]} 15. Rc1 {[%emt 0:00:36]} Bd7 {[%emt 0:00:12]} 16. Qd2 {[%emt 0:00:26]} Qe7 {[%emt 0:00:42]} 17. Bg5 {[%emt 0:01:02]} Qe8 {[%emt 0:00:36]} 18. Bf6 {[%emt 0:00:12]} Ne7 {[%emt 0:03:29]} 19. g4 {[%emt 0:00:32]} Rc8 {[%emt 0:00:33]} 20. Qg5 {[%emt 0:00:14]} h6 {[%emt 0:00:21]} 21. Qh4 {[%emt 0:00:03]} g5 {[%emt 0:00:06]} 22. Qh5 {[%emt 0:00:12]} Ng6 {[%emt 0:00:15]} 23. Ne2 {[%emt 0:01:54]} Bxf6 {[%emt 0:00:09]} 24. exf6 {[%emt 0:00:03]} Qd8 {[%emt 0:00:12]} 25. Qxh6 {[%emt 0:00:09]} Qxf6 {[%emt 0:00:01]} 26. Ng3 {[%emt 0:00:10]} Qxd4 {[%emt 0:00:32]} 27. Nh5 {[%emt 0:01:10]} Rxc1 {[%emt 0:00:09]} 28. Rxc1 {[%emt 0:00:03]} Rc8 {[%emt 0:00:07]} 29. Rxc8+ {[%emt 0:00:28]} Bxc8 {[%emt 0:00:01]} 30. h3 {[%emt 0:00:17]} Qe5 {[%emt 0:00:15]} 31. Bd3 {[%emt 0:00:05]} Qe1+ {[%emt 0:00:09]} 32. Bf1 {[%emt 0:00:20]} Qe5 {[%emt 0:00:01]} 33. h4 {[%emt 0:02:20]} Qd4 {[%emt 0:00:08]} 34. hxg5 {[%emt 0:00:33]} Qxg4+ {[%emt 0:00:04]} 35. Bg2 {[%emt 0:00:01]} 1-0

[Event "RUS-chT Men Rapid 2019"]
[Site "Sochi"]
[Date "2019.10.18"]
[Round "4.17"]
[White "Tekeyev, Zaur"]
[Black "Zakhartsov, Vladimir"]
[Result "0-1"]
[WhiteElo "2384"]
[BlackElo "2514"]
[Annotator "ChessBase"]
[PlyCount "106"]
[EventDate "2019.10.18"]
[EventType "swiss"]
[EventCountry "RUS"]
[SourceTitle "playchess.com"]
[Source "ChessBase"]
[SourceQuality "1"]
[TimeControl "900+10"]

1. e4 {[%emt 0:00:00]} c5 {[%emt 0:00:00]} 2. Nf3 {[%emt 0:00:00]} d6 {[%emt 0:00:00]} 3. Bb5+ {[%emt 0:00:00]} Bd7 {[%emt 0:00:20]} 4. Bxd7+ {[%emt 0:00:00]} Qxd7 {[%emt 0:00:02]} 5. c4 {[%emt 0:00:00]} Nc6 {[%emt 0:00:02]} 6. d4 {[%emt 0:00:13]} Qg4 {[%emt 0:00:24]} 7. d5 {[%emt 0:02:18]} Qxe4+ {[%emt 0:00:07]} 8. Be3 {[%emt 0:00:01]} Nb4 {[%emt 0:00:39]} 9. Qa4+ {[%emt 0:01:51]} Kd8 {[%emt 0:00:12]} 10. O-O {[%emt 0:03:39]} Nh6 {[%emt 0:02:29]} 11. a3 {[%emt 0:02:29]} Nxd5 {[%emt 0:01:02]} 12. Bxc5 {[%emt 0:01:12]} Nc7 {[%emt 0:01:07]} 13. Be3 {[%emt 0:01:28]} Ng4 {[%emt 0:01:09]} 14. Re1 {[%emt 0:00:14]} Qc6 {[%emt 0:00:21]} 15. Qb3 {[%emt 0:00:11]} Nxe3 {[%emt 0:00:21]} 16. Rxe3 {[%emt 0:00:05]} Ne6 {[%emt 0:00:11]} 17. Nc3 {[%emt 0:00:18]} Rc8 {[%emt 0:00:17]} 18. Nd5 {[%emt 0:01:17]} Qxc4 {[%emt 0:00:41]} 19. Qd1 {[%emt 0:00:02]} Rc5 {[%emt 0:00:25]} 20. Nb4 {[%emt 0:00:27]} g6 {[%emt 0:01:16]} 21. Nd3 {[%emt 0:00:16]} Rd5 {[%emt 0:00:18]} 22. Rc1 {[%emt 0:00:04]} Qb5 {[%emt 0:00:22]} 23. Qc2 {[%emt 0:00:14]} Qd7 {[%emt 0:00:02]} 24. Qc4 {[%emt 0:00:25]} Nc7 {[%emt 0:01:34]} 25. Nfe5 {[%emt 0:01:02]} dxe5 {[%emt 0:00:09]} 26. Nxe5 {[%emt 0:00:02]} Rxe5 {[%emt 0:00:13]} 27. Rxe5 {[%emt 0:00:01]} e6 {[%emt 0:00:03]} 28. Qf4 {[%emt 0:00:45]} f5 {[%emt 0:00:29]} 29. Re2 {[%emt 0:00:42]} Bd6 {[%emt 0:00:21]} 30. Qe3 {[%emt 0:00:19]} b6 {[%emt 0:00:55]} 31. b4 {[%emt 0:00:20]} Ke7 {[%emt 0:00:25]} 32. Rce1 {[%emt 0:00:10]} Kf7 {[%emt 0:00:09]} 33. Qc3 {[%emt 0:00:05]} Rd8 {[%emt 0:00:12]} 34. h4 {[%emt 0:00:10]} Be7 {[%emt 0:01:01]} 35. Qc4 {[%emt 0:00:16]} b5 {[%emt 0:00:29]} 36. Qf4 {[%emt 0:00:10]} Bf6 {[%emt 0:00:49]} 37. h5 {[%emt 0:00:05]} g5 {[%emt 0:00:08]} 38. Qc1 {[%emt 0:00:02]} Re8 {[%emt 0:00:54]} 39. Rc2 {[%emt 0:00:17]} Nd5 {[%emt 0:00:12]} 40. Rd1 {[%emt 0:00:01]} Qb7 {[%emt 0:00:59]} 41. Rc6 {[%emt 0:00:14]} Re7 {[%emt 0:00:04]} 42. Qc5 {[%emt 0:00:18]} Kg7 {[%emt 0:00:43]} 43. Qd6 {[%emt 0:00:12]} Nb6 {[%emt 0:00:15]} 44. Qc5 {[%emt 0:00:12]} Nd5 {[%emt 0:00:10]} 45. h6+ {[%emt 0:00:08]} Kg6 {[%emt 0:00:11]} 46. Qd6 {[%emt 0:00:12]} Nf4 {[%emt 0:00:09]} 47. g3 {[%emt 0:00:09]} Ne2+ {[%emt 0:00:07]} 48. Kh2 {[%emt 0:00:12]} Nd4 {[%emt 0:00:06]} 49. Rxd4 {[%emt 0:00:10]} Bxd4 {[%emt 0:00:02]} 50. Rc2 {[%emt 0:00:10]} Qd7 {[%emt 0:00:12]} 51. Qb8 {[%emt 0:00:02]} Re8 {[%emt 0:00:05]} 52. Rc7 {[%emt 0:00:15]} Rxb8 {[%emt 0:00:03]} 53. Rxd7 {[%emt 0:00:01]} Bxf2 {[%emt 0:00:07]} 0-1

[Event "RUS-chT Men Rapid 2019"]
[Site "Sochi"]
[Date "2019.10.18"]
[Round "4.18"]
[White "Bryakin, Mikhail"]
[Black "Kozak, Alexander"]
[Result "1-0"]
[WhiteElo "2440"]
[BlackElo "2230"]
[Annotator "NA"]
[PlyCount "67"]
[EventDate "2019.10.18"]
[EventType "swiss"]
[EventCountry "RUS"]
[SourceTitle "playchess.com"]
[Source "ChessBase"]
[SourceQuality "1"]
[TimeControl "900+10"]

1. d4 {[%emt 0:00:00]} g6 {[%emt 0:00:00]} 2. c4 {[%emt 0:00:00]} Bg7 {[%emt 0:00:00]} 3. Nc3 {[%emt 0:00:00]} c5 {[%emt 0:00:00]} 4. d5 {[%emt 0:00:00]} Bxc3+ {[%emt 0:00:00]} 5. bxc3 {[%emt 0:00:00]} f5 {[%emt 0:00:00]} 6. Nf3 {[%emt 0:00:01]} Qa5 {[%emt 0:00:00]} 7. Qc2 {[%emt 0:00:01]} Nf6 {[%emt 0:00:00]} 8. Bh6 {[%emt 0:00:01]} d6 {[%emt 0:00:02]} 9. e3 {[%emt 0:00:37]} Nbd7 {[%emt 0:00:03]} 10. Bd3 {[%emt 0:00:03]} Nb6 {[%emt 0:00:12]} 11. Bg7 {[%emt 0:00:21]} Rg8 {[%emt 0:00:02]} 12. Bxf6 {[%emt 0:00:01]} exf6 {[%emt 0:00:01]} 13. a4 {[%emt 0:00:16]} Bd7 {[%emt 0:00:21]} 14. Nd2 {[%emt 0:00:22]} O-O-O {[%emt 0:00:33]} 15. Nb3 {[%emt 0:00:19]} Qa6 {[%emt 0:00:06]} 16. a5 {[%emt 0:00:09]} Nxc4 {[%emt 0:00:20]} 17. Qe2 {[%emt 0:00:20]} Bb5 {[%emt 0:00:13]} 18. Nd2 {[%emt 0:00:55]} Na3 {[%emt 0:05:40]} 19. c4 {[%emt 0:00:05]} Qxa5 {[%emt 0:00:04]} 20. O-O {[%emt 0:00:10]} Bd7 {[%emt 0:06:05]} 21. Nb1 {[%emt 0:00:14]} Nxc4 {[%emt 0:00:05]} 22. Rxa5 {[%emt 0:00:06]} Nxa5 {[%emt 0:00:01]} 23. Qd2 {[%emt 0:00:16]} b6 {[%emt 0:00:04]} 24. Ba6+ {[%emt 0:00:02]} Kc7 {[%emt 0:00:04]} 25. Nc3 {[%emt 0:00:04]} Rge8 {[%emt 0:00:08]} 26. Rb1 {[%emt 0:00:17]} Re5 {[%emt 0:00:09]} 27. Qd3 {[%emt 0:00:28]} Rde8 {[%emt 0:00:16]} 28. Bb5 {[%emt 0:00:28]} f4 {[%emt 0:00:36]} 29. Bxd7 {[%emt 0:00:05]} Kxd7 {[%emt 0:00:02]} 30. Qa6 {[%emt 0:00:09]} Ra8 {[%emt 0:03:44]} 31. Rxb6 {[%emt 0:00:13]} axb6 {[%emt 0:00:02]} 32. Qxa8 {[%emt 0:00:01]} fxe3 {[%emt 0:00:01]} 33. fxe3 {[%emt 0:00:13]} Rxe3 {[%emt 0:00:04]} 34. Nb5 {[%emt 0:00:15]} 1-0

[Event "RUS-chT Men Rapid 2019"]
[Site "Sochi"]
[Date "2019.10.18"]
[Round "4.19"]
[White "Nechaev, Oleg"]
[Black "Golubov, Saveliy"]
[Result "0-1"]
[WhiteElo "2371"]
[BlackElo "2469"]
[Annotator "ChessBase"]
[PlyCount "114"]
[EventDate "2019.10.18"]
[EventType "swiss"]
[EventCountry "RUS"]
[SourceTitle "playchess.com"]
[Source "ChessBase"]
[SourceQuality "1"]
[TimeControl "900+10"]

1. c4 {[%emt 0:00:00]} Nf6 {[%emt 0:00:00]} 2. g3 {[%emt 0:00:02]} g6 {[%emt 0:00:20]} 3. Bg2 {[%emt 0:00:03]} Bg7 {[%emt 0:00:02]} 4. Nc3 {[%emt 0:00:04]} O-O {[%emt 0:00:04]} 5. e4 {[%emt 0:00:02]} e5 {[%emt 0:01:40]} 6. Nge2 {[%emt 0:00:03]} d6 {[%emt 0:00:36]} 7. O-O {[%emt 0:00:05]} Nc6 {[%emt 0:02:30]} 8. d3 {[%emt 0:00:04]} Nd7 {[%emt 0:00:12]} 9. Be3 {[%emt 0:00:24]} Nc5 {[%emt 0:00:46]} 10. Rb1 {[%emt 0:00:20]} a5 {[%emt 0:00:02]} 11. d4 {[%emt 0:00:41]} exd4 {[%emt 0:00:12]} 12. Nxd4 {[%emt 0:00:02]} Ne5 {[%emt 0:00:34]} 13. b3 {[%emt 0:00:02]} a4 {[%emt 0:01:53]} 14. h3 {[%emt 0:00:18]} axb3 {[%emt 0:00:03]} 15. axb3 {[%emt 0:00:02]} Bd7 {[%emt 0:01:59]} 16. f4 {[%emt 0:00:37]} Nc6 {[%emt 0:00:21]} 17. b4 {[%emt 0:01:42]} Ne6 {[%emt 0:01:58]} 18. Nde2 {[%emt 0:00:31]} Re8 {[%emt 0:01:19]} 19. Qd2 {[%emt 0:00:39]} f5 {[%emt 0:00:08]} 20. exf5 {[%emt 0:00:26]} gxf5 {[%emt 0:00:01]} 21. Nd5 {[%emt 0:00:32]} Ra3 {[%emt 0:00:21]} 22. Bf2 {[%emt 0:00:30]} Qa8 {[%emt 0:00:40]} 23. Nec3 {[%emt 0:00:36]} Ne7 {[%emt 0:02:10]} 24. Nxe7+ {[%emt 0:02:22]} Rxe7 {[%emt 0:00:01]} 25. Nd5 {[%emt 0:00:02]} Rf7 {[%emt 0:00:07]} 26. Rbc1 {[%emt 0:00:45]} Ra2 {[%emt 0:00:13]} 27. Rc2 {[%emt 0:00:02]} Rxc2 {[%emt 0:00:01]} 28. Qxc2 {[%emt 0:00:02]} Qa3 {[%emt 0:00:27]} 29. Re1 {[%emt 0:00:23]} Kh8 {[%emt 0:00:25]} 30. Re3 {[%emt 0:00:34]} Qa8 {[%emt 0:00:15]} 31. Qe2 {[%emt 0:00:25]} Nd4 {[%emt 0:00:02]} 32. Qh5 {[%emt 0:00:08]} Qf8 {[%emt 0:00:39]} 33. Nxc7 {[%emt 0:00:24]} Rf6 {[%emt 0:00:08]} 34. Qd1 {[%emt 0:00:21]} Rg6 {[%emt 0:00:10]} 35. Rd3 {[%emt 0:00:41]} Nc6 {[%emt 0:00:10]} 36. c5 {[%emt 0:00:03]} Nxb4 {[%emt 0:00:13]} 37. Rxd6 {[%emt 0:00:02]} Rxd6 {[%emt 0:00:01]} 38. cxd6 {[%emt 0:00:10]} Nc6 {[%emt 0:00:16]} 39. Qd5 {[%emt 0:00:45]} Nb4 {[%emt 0:00:11]} 40. Qd2 {[%emt 0:00:29]} Nc6 {[%emt 0:00:01]} 41. Bc5 {[%emt 0:00:24]} h6 {[%emt 0:00:09]} 42. Kh2 {[%emt 0:00:22]} Kh7 {[%emt 0:00:00]} 43. Bf3 {[%emt 0:00:10]} Qf6 {[%emt 0:00:08]} 44. g4 {[%emt 0:00:14]} fxg4 {[%emt 0:00:04]} 45. Be4+ {[%emt 0:01:06]} Kh8 {[%emt 0:00:01]} 46. Nd5 {[%emt 0:01:08]} Qe6 {[%emt 0:00:31]} 47. Bc2 {[%emt 0:00:28]} gxh3 {[%emt 0:00:31]} 48. Qd3 {[%emt 0:00:14]} Kg8 {[%emt 0:00:01]} 49. Ne7+ {[%emt 0:00:12]} Kf8 {[%emt 0:00:05]} 50. Bb3 {[%emt 0:00:52]} Ne5 {[%emt 0:00:27]} 51. fxe5 {[%emt 0:00:20]} Qxe5+ {[%emt 0:00:04]} 52. Qg3 {[%emt 0:00:32]} Qxc5 {[%emt 0:00:01]} 53. Ng6+ {[%emt 0:00:48]} Ke8 {[%emt 0:00:01]} 54. Qe1+ {[%emt 0:00:50]} Kd8 {[%emt 0:00:01]} 55. Qh4+ {[%emt 0:00:44]} Qg5 {[%emt 0:00:29]} 56. Qxg5+ {[%emt 0:00:21]} hxg5 {[%emt 0:00:01]} 57. Ne7 {[%emt 0:00:04]} Be5+ {[%emt 0:00:02]} 0-1

[Event "RUS-chT Men Rapid 2019"]
[Site "Sochi"]
[Date "2019.10.18"]
[Round "4.20"]
[White "Apryshko, Gleb"]
[Black "Rozhko, Dmitry"]
[Result "1-0"]
[WhiteElo "2382"]
[BlackElo "2305"]
[Annotator "NA"]
[PlyCount "55"]
[EventDate "2019.10.18"]
[EventType "swiss"]
[EventCountry "RUS"]
[SourceTitle "playchess.com"]
[Source "ChessBase"]
[SourceQuality "1"]
[TimeControl "900+10"]

1. g3 {[%emt 0:00:00]} d5 {[%emt 0:00:00]} 2. Nf3 {[%emt 0:00:04]} Nf6 {[%emt 0:00:00]} 3. Bg2 {[%emt 0:00:01]} c6 {[%emt 0:00:00]} 4. d3 {[%emt 0:00:02]} Bg4 {[%emt 0:00:03]} 5. Nbd2 {[%emt 0:00:03]} Nbd7 {[%emt 0:00:02]} 6. O-O {[%emt 0:00:24]} e5 {[%emt 0:00:03]} 7. e4 {[%emt 0:00:20]} dxe4 {[%emt 0:00:06]} 8. dxe4 {[%emt 0:00:03]} Be7 {[%emt 0:00:11]} 9. h3 {[%emt 0:00:02]} Bh5 {[%emt 0:00:24]} 10. Qe1 {[%emt 0:00:03]} O-O {[%emt 0:00:06]} 11. Nh4 {[%emt 0:00:03]} Re8 {[%emt 0:00:08]} 12. a4 {[%emt 0:00:03]} a5 {[%emt 0:00:16]} 13. Nc4 {[%emt 0:00:04]} Qc7 {[%emt 0:00:31]} 14. f4 {[%emt 0:02:00]} b5 {[%emt 0:02:35]} 15. axb5 {[%emt 0:00:24]} cxb5 {[%emt 0:00:01]} 16. Ne3 {[%emt 0:00:52]} h6 {[%emt 0:00:54]} 17. f5 {[%emt 0:00:32]} g5 {[%emt 0:00:19]} 18. fxg6 {[%emt 0:00:20]} Bxg6 {[%emt 0:00:02]} 19. Nef5 {[%emt 0:00:52]} Bf8 {[%emt 0:01:42]} 20. Qd2 {[%emt 0:04:23]} Kh7 {[%emt 0:03:46]} 21. Nxh6 {[%emt 0:01:35]} Qc5+ {[%emt 0:02:19]} 22. Kh2 {[%emt 0:00:07]} Qd4 {[%emt 0:00:12]} 23. Nxg6 {[%emt 0:00:41]} fxg6 {[%emt 0:00:13]} 24. Qg5 {[%emt 0:00:12]} Be7 {[%emt 0:01:06]} 25. Qh4 {[%emt 0:03:26]} Kg7 {[%emt 0:00:30]} 26. Bg5 {[%emt 0:00:08]} Qxb2 {[%emt 0:01:44]} 27. Rad1 {[%emt 0:00:05]} Qb4 {[%emt 0:00:52]} 28. Rxd7 {[%emt 0:00:11]} 1-0

[Event "RUS-chT Men Rapid 2019"]
[Site "Sochi"]
[Date "2019.10.18"]
[Round "4.21"]
[White "Yatzenko, Anton"]
[Black "Nozdrachev, Vladislav"]
[Result "1/2-1/2"]
[WhiteElo "2383"]
[BlackElo "2494"]
[Annotator "ChessBase"]
[PlyCount "62"]
[EventDate "2019.10.18"]
[EventType "swiss"]
[EventCountry "RUS"]
[SourceTitle "playchess.com"]
[Source "ChessBase"]
[SourceQuality "1"]
[TimeControl "900+10"]

1. d4 {[%emt 0:00:00]} Nf6 {[%emt 0:00:00]} 2. Nf3 {[%emt 0:00:00]} e6 {[%emt 0:00:00]} 3. Bf4 {[%emt 0:00:00]} b6 {[%emt 0:00:00]} 4. e3 {[%emt 0:00:00]} Bb7 {[%emt 0:00:00]} 5. Be2 {[%emt 0:00:00]} Bd6 {[%emt 0:00:00]} 6. Bg3 {[%emt 0:00:26]} O-O {[%emt 0:00:05]} 7. Nbd2 {[%emt 0:00:01]} Nc6 {[%emt 0:00:43]} 8. e4 {[%emt 0:00:21]} Bxg3 {[%emt 0:00:02]} 9. hxg3 {[%emt 0:00:01]} d6 {[%emt 0:00:02]} 10. c3 {[%emt 0:00:09]} e5 {[%emt 0:00:02]} 11. dxe5 {[%emt 0:00:12]} Nxe5 {[%emt 0:00:08]} 12. Nxe5 {[%emt 0:00:02]} dxe5 {[%emt 0:00:01]} 13. Qc2 {[%emt 0:00:02]} Qe7 {[%emt 0:00:10]} 14. O-O {[%emt 0:00:05]} a5 {[%emt 0:00:14]} 15. Rfe1 {[%emt 0:00:05]} Nd7 {[%emt 0:01:07]} 16. Rad1 {[%emt 0:00:31]} Nc5 {[%emt 0:00:16]} 17. Bf1 {[%emt 0:01:57]} Rfd8 {[%emt 0:00:27]} 18. f3 {[%emt 0:00:02]} Qg5 {[%emt 0:00:51]} 19. Kf2 {[%emt 0:00:24]} Bc8 {[%emt 0:01:19]} 20. Nc4 {[%emt 0:00:46]} Be6 {[%emt 0:00:03]} 21. Rxd8+ {[%emt 0:00:02]} Rxd8 {[%emt 0:00:03]} 22. Rd1 {[%emt 0:00:03]} a4 {[%emt 0:03:14]} 23. b4 {[%emt 0:03:55]} axb3 {[%emt 0:00:06]} 24. axb3 {[%emt 0:00:01]} h5 {[%emt 0:02:45]} 25. Rxd8+ {[%emt 0:01:16]} Qxd8 {[%emt 0:00:02]} 26. b4 {[%emt 0:00:01]} Bxc4 {[%emt 0:00:34]} 27. Bxc4 {[%emt 0:00:01]} Nb7 {[%emt 0:00:02]} 28. Bd5 {[%emt 0:02:41]} Nd6 {[%emt 0:00:01]} 29. Qa2 {[%emt 0:00:01]} Qg5 {[%emt 0:01:31]} 30. Qa8+ {[%emt 0:00:31]} Kh7 {[%emt 0:00:01]} 31. Qc6 {[%emt 0:00:01]} Qd2+ {[%emt 0:00:03]} 1/2-1/2